Little lost Hedgehog / (Record no. 4315)

MARC details
000 -LEADER
fixed length control field 01118nam a22002777a 4500
001 - CONTROL NUMBER
control field 4315
003 - CONTROL NUMBER IDENTIFIER
control field FISKH
005 - DATE AND TIME OF LATEST TRANSACTION
control field 20260423150833.0
008 - FIXED-LENGTH DATA ELEMENTS--GENERAL INFORMATION
fixed length control field 240717b cb ||||| |||| 00| 0 eng d
020 ## - INTERNATIONAL STANDARD BOOK NUMBER
International Standard Book Number 9781407133218
040 ## - CATALOGING SOURCE
Original cataloging agency FISKH
Language of cataloging eng
Transcribing agency FISKH
Modifying agency FISKH
050 ## - LIBRARY OF CONGRESS CALL NUMBER
Classification number PZ7
082 ## - DEWEY DECIMAL CLASSIFICATION NUMBER
Classification number 823.92
100 ## - MAIN ENTRY--PERSONAL NAME
Personal name Hucklesby, Jill
245 ## - TITLE STATEMENT
Title Little lost Hedgehog /
Statement of responsibility, etc. By Jill Hucklesby ; Illustrated by Jon Davis
260 ## - PUBLICATION, DISTRIBUTION, ETC.
Place of publication, distribution, etc. London :
Name of publisher, distributor, etc. Scholastic,
Date of publication, distribution, etc. 2013.
300 ## - PHYSICAL DESCRIPTION
Extent 142 pages :
Other physical details illustrations ;
Dimensions 20 cm
505 ## - FORMATTED CONTENTS NOTE
Formatted contents note Q<br/>
520 ## - SUMMARY, ETC.
Summary, etc. Grace is out in the garden feeding her rabbits when she hears a rustle in the flower bed. What could it be? She sits very still by the kitchen door, peering out into the dark. And then she sees some little paws, two shiny eyes, a twitching nose. It's a tiny hedgehog! But where is his family? This little hedgehog looks lost and hungry. So Grace's mum call the RSPCA.<br/>
521 8# - TARGET AUDIENCE NOTE
Target audience note 660<br/>
Source Lexile<br/>
521 8# - TARGET AUDIENCE NOTE
Target audience note Q<br/>
Source Raz-Plus<br/>
650 ## - SUBJECT ADDED ENTRY--TOPICAL TERM
Topical term or geographic name entry element Animal
Form subdivision Toran
General subdivision Rainbow
Chronological subdivision Family
700 ## - ADDED ENTRY--PERSONAL NAME
Personal name Davis, Jon
Relator term illustrator
942 ## - ADDED ENTRY ELEMENTS (KOHA)
Source of classification or shelving scheme Dewey Decimal Classification
Koha item type Books
Suppress in OPAC No
Holdings
Withdrawn status Lost status Source of classification or shelving scheme Damaged status Not for loan Collection Home library Current library Shelving location Date acquired Total Checkouts Full call number Barcode Date last seen Copy number Price effective from Koha item type Date last checked out
    Dewey Decimal Classification     Juvenile Fiction Footprints International School Library Network Toul Kork Campus Footprints International School Library Network Toul Kork Campus TK Primary Library Room(4th Floor), Bookcase 5&6, Shelves 33-56, Orange Books 07/17/2024   HUC 823.92 PZ7 FISTKG4A026 07/17/2024 1 07/17/2024 Books  
    Dewey Decimal Classification     Juvenile Fiction Footprints International School Library Network Toul Tom Poung Campus Footprints International School Library Network Toul Tom Poung Campus TTP Primary Orange Bookshelves 08/08/2025 1 HUC 823.92 PZ7 FIS05483 04/23/2026 2 08/08/2025 Books 01/23/2026
    Dewey Decimal Classification     Juvenile Fiction Footprints International School Library Network Toul Tom Poung Campus Footprints International School Library Network Toul Tom Poung Campus TTP Primary Orange Bookshelves 08/19/2025   HUC 823.92 PZ7 FIS05484 08/19/2025 3 08/19/2025 Books